| 000 | 00408cam a2200169ua 4500 | ||
|---|---|---|---|
| 041 |
_aeng _h |
||
| 082 |
_a823.308 _bBRO/WU |
||
| 100 | _aBronte, Emily . | ||
| 245 |
_aWuthering heights / _cEmily Bronte. _hTextual Documents |
||
| 260 |
_aNewyork : _bEverymans Library , _c1963. |
||
| 300 | _a367 ; . | ||
| 504 | _a | ||
| 942 | _cBK | ||
| 999 |
_c2608 _d2608 |
||